<?xml version="1.0" encoding="UTF-8"?>
<record
    xmlns:xsi="http://www.w3.org/2001/XMLSchema-instance"
    xsi:schemaLocation="http://www.loc.gov/MARC21/slim http://www.loc.gov/standards/marcxml/schema/MARC21slim.xsd"
    xmlns="http://www.loc.gov/MARC21/slim">

  <leader>00579nam a22001217a 4500</leader>
  <datafield tag="040" ind1=" " ind2=" ">
    <subfield code="c">HS</subfield>
  </datafield>
  <datafield tag="082" ind1=" " ind2=" ">
    <subfield code="a">577</subfield>
  </datafield>
  <datafield tag="100" ind1=" " ind2=" ">
    <subfield code="a">&#x178A;&#x17B7;&#x1794; &#x179F;&#x17CA;&#x17B8;&#x178E;&#x17B6;&#x178F;</subfield>
  </datafield>
  <datafield tag="245" ind1=" " ind2=" ">
    <subfield code="a">&#x1787;&#x17B8;&#x179C;&#x17C8;&#x17A2;&#x17B6;&#x1780;&#x17B6;&#x179F;&#x1792;&#x17B6;&#x178F;&#x17BB; Bioclimatologie &#x17A2;&#x17C6;&#x1796;&#x17BE;&#x179A;&#x1794;&#x179F;&#x17CB;&#x17A2;&#x17B6;&#x1780;&#x17B6;&#x179F;&#x1792;&#x17B6;&#x178F;&#x17BB;&#x1793;&#x17C5;&#x179B;&#x17BE;&#x1780;&#x17B6;&#x179A;&#x179B;&#x17BC;&#x178F;&#x179B;&#x17B6;&#x179F;&#x17CB; &#x1793;&#x17B7;&#x1784; &#x1780;&#x17B6;&#x179A;&#x179A;&#x17B8;&#x1780;&#x1785;&#x17C6;&#x179A;&#x17BE;&#x1793;&#x1793;&#x17C3;&#x179A;&#x17BB;&#x1780;&#x17D2;&#x1781;&#x1787;&#x17B6;&#x178F;&#x17B7;</subfield>
  </datafield>
  <datafield tag="260" ind1=" " ind2=" ">
    <subfield code="a">&#x179C;&#x17B7;&#x1791;&#x17D2;&#x1799;&#x17B6;&#x179F;&#x17D2;&#x1790;&#x17B6;&#x1793;&#x1794;&#x1785;&#x17D2;&#x1785;&#x17C1;&#x1780;&#x1791;&#x17C1;&#x179F;&#x1780;&#x179F;&#x17B7;&#x1780;&#x1798;&#x17D2;&#x1798; &#x1785;&#x17C6;&#x1780;&#x17B6;&#x179A;&#x178A;&#x17BC;&#x1784;</subfield>
    <subfield code="b"> &#x178A;&#x17B7;&#x1794;  &#x179F;&#x17CA;&#x17B8;&#x178E;&#x17B6;&#x178F;</subfield>
    <subfield code="c">1994</subfield>
  </datafield>
  <datafield tag="300" ind1=" " ind2=" ">
    <subfield code="a">NA</subfield>
  </datafield>
  <datafield tag="942" ind1=" " ind2=" ">
    <subfield code="c">KB</subfield>
  </datafield>
  <datafield tag="999" ind1=" " ind2=" ">
    <subfield code="c">9120</subfield>
    <subfield code="d">9120</subfield>
  </datafield>
  <datafield tag="952" ind1=" " ind2=" ">
    <subfield code="0">0</subfield>
    <subfield code="1">0</subfield>
    <subfield code="4">0</subfield>
    <subfield code="6">577_000000000000000_&#x178A;&#x17B7;&#x1794;_1994_C174</subfield>
    <subfield code="7">0</subfield>
    <subfield code="9">50763</subfield>
    <subfield code="a">LBC</subfield>
    <subfield code="b">LBC</subfield>
    <subfield code="c">C174</subfield>
    <subfield code="d">2016-08-24</subfield>
    <subfield code="o">577 &#x178A;&#x17B7;&#x1794; 1994 C174</subfield>
    <subfield code="p">RUA046759</subfield>
    <subfield code="r">2016-10-17</subfield>
    <subfield code="y">KB</subfield>
  </datafield>
</record>
